| 000 | 00600nam a2200181 i 4500 | ||
|---|---|---|---|
| 001 | 83976 | ||
| 003 | ES-MaACL | ||
| 005 | 20251112170653.0 | ||
| 007 | t| | ||
| 008 | 041119s18601899sp ||||1| eng d | ||
| 100 | 1 |
_aJarvis, Edward ( _d1803-1884) _966146 |
|
| 245 | 1 | 0 |
_aTrial of Samuel M. Andrews for the murder of Cornelius Holmes / _cEdward Jarvis. |
| 260 |
_a[S.l. : _bs.n., _c186-?] |
||
| 300 |
_a23 p. ; _c20 cm. |
||
| 600 | 1 | 7 |
_aHolmes, Cornelius, _d1814-1868 _2 _9161418 |
| 852 |
_aES-MaACL _jT-473-F-10 _q.- Falto de la cub. original _z.- Enc. en un vol. facticio |
||
| 999 |
_c83976 _d83976 |
||